| 000 | 00426nam a2200157Ia 4500 | ||
|---|---|---|---|
| 020 | _a(hb) | ||
| 082 |
_a297.5 _bPIC _cL31,p200 |
||
| 100 |
_aPickthall, Muhammad Marmaduke _937457 |
||
| 245 | _aThe Cultural side of Islam | ||
| 260 |
_aLahore : _bQadiria Book Traders , _c1984 |
||
| 300 | _a193p. | ||
| 526 |
_a0 _b0 _c0 _d297_500000000000000_PIC |
||
| 650 |
_aCulture- Islamic _937458 |
||
| 650 |
_aMCE _9379 |
||
| 942 |
_2ddc _cBK |
||
| 999 |
_c542321 _d542321 |
||